000 00708nam a22002292 4500
001 0000004803
005 20151217154350.0
008 070530s xx 000 0 eng d
020 _a0333725689 :
040 _aKABU
_cKABU
050 0 _aSK354
_b.A2R64 1999
100 1 _aRolfe, Charlotte.
_@0000153108
245 1 0 _aGladys :
_bworking as a wildlife vet /
_cby Charlotte Rolfe and Gladys Kalema.
260 _aLondon :
_bMacmillan,
_c1999.
300 _a22 p.
600 1 0 _aKalema, Gladys.
_@0000155617
650 0 _aWildlife veterans
_xBiography.
_@0000155618
700 1 _aKalema, Gladys.
_@0000155617
908 _a070530
950 _@1
999 _c10804
_d10804